Materials and processes (Record no. 3934)
[ view plain ]
| 000 -LEADER | |
|---|---|
| fixed length control field | 00904nac a22002411u 4500 |
| 020 ## - INTERNATIONAL STANDARD BOOK NUMBER | |
| International Standard Book Number | 0824771974 (v. 1) |
| 082 ## - DEWEY DECIMAL CLASSIFICATION NUMBER | |
| Classification number | 620.11 |
| Item number | Y681 |
| 090 ## - LOCALLY ASSIGNED LC-TYPE CALL NUMBER (OCLC); LOCAL CALL NUMBER (OCLC) | |
| -- | 3934 |
| -- | 3934 |
| 100 ## - MAIN ENTRY--PERSONAL NAME | |
| Personal name | 20080729 |
| 245 ## - TITLE STATEMENT | |
| Title | Materials and processes |
| Statement of responsibility, etc | edited by James F. Young, Robert S. Shane. |
| Number of part/section of a work | Part A |
| Name of part/section of a work | Materials / |
| 250 ## - EDITION STATEMENT | |
| Edition statement | 3rd ed. |
| 260 ## - PUBLICATION, DISTRIBUTION, ETC. (IMPRINT) | |
| Place of publication, distribution, etc | New York : |
| Name of publisher, distributor, etc | M. Dekker, 1985. |
| Date of publication, distribution, etc | 1985 |
| 300 ## - PHYSICAL DESCRIPTION | |
| Extent | 855 p.: |
| Other physical details | ill. ; |
| Dimensions | 26 cm. |
| 490 ## - Series Statement | |
| Series statement | Materials engineering ; |
| Volume/sequential designation | v. 2 |
| 504 ## - BIBLIOGRAPHY, ETC. NOTE | |
| Bibliography, etc | Includes bibliographies and index. |
| 650 ## - SUBJECT ADDED ENTRY--TOPICAL TERM | |
| Topical term or geographic name as entry element | Materials. |
| 650 ## - SUBJECT ADDED ENTRY--TOPICAL TERM | |
| Topical term or geographic name as entry element | Manufacturing processes |
| 700 ## - ADDED ENTRY--PERSONAL NAME | |
| Personal name | Young, James F., |
| Dates associated with a name | 1917-1980. |
| 700 ## - ADDED ENTRY--PERSONAL NAME | |
| Personal name | Shane, Robert Samuel, |
| Dates associated with a name | 1910 |
| 830 ## - SERIES ADDED ENTRY--UNIFORM TITLE | |
| Uniform title | Materials engineering (Marcel Dekker, Inc.) ; v. 2 |
| 942 ## - ADDED ENTRY ELEMENTS (KOHA) | |
| Item type | Book - Borrowing |
| Call number prefix | 620.11Y681 |
| Withdrawn status | Item status | Damaged status | Not for loan | Home library | Current library | Shelving location | Date acquired | Source of acquisition | Total Checkouts | Total Renewals | Full call number | Barcode | Date last seen | Date last borrowed | Koha item type |
|---|---|---|---|---|---|---|---|---|---|---|---|---|---|---|---|
| Central Library | Central Library | First floor | 07/08/2007 | Purchase | 1 | 6 | 620.11 MAT | 000005035 | 15/07/2025 | 20/03/2013 | Book - Borrowing |